• 首页
  • 本馆介绍
  • 公告通知
  • 最新文献
  • 馆藏检索
  • 电子资源
  • 读者导购
  • 参考咨询
  • 我的图书馆
  • 登录
  • 详细信息显示
  • 放入我的书架
  • 预约/预借图书
  • 作者相关作品
  • 分类相关作品
  • 丛书相关作品
  • 出版社相关作品

书目信息

  • 表格格式
  • 工作单格式
  • 卡片格式
题名:
汉武帝北击匈奴
    
 
作者: 张利 编著
分册:  
出版信息: 长春   吉林文史出版社  2011.5
页数: 134页
开本: 22cm
丛书名: 中国文化知识读本
单 册:
中图分类: K234.109 , K234
科图分类:
主题词: 汉武帝对匈奴战争(前129-119)--通俗读物 , 汉武帝对匈奴战争(前129-119)
电子资源:
ISBN: 978-7-5463-5059-2
000 00796nam0 2200265 450
001 2339881482
005 20231129023829.92
010    @a978-7-5463-5059-2@dCNY34.80
100    @a20130127d2011 em y0chiy50 ea
101 0  @achi
102    @aCN@b220000
105    @aa z 000yy
200 1  @a汉武帝北击匈奴@Ahan wu di bei ji xiong nu@f张利编著
210    @a长春@c吉林文史出版社@c吉林出版集团有限责任公司@d2011.5
215    @a134页@c图@d22cm
225 2  @a中国文化知识读本
300    @a中国古代战役战争/金开诚主编
410  0 @12001 @a中国文化知识读本
606 0  @a汉武帝对匈奴战争(前129-119)@j通俗读物
606 0  @a汉武帝对匈奴战争(前129-119)
690    @aK234.109@v5
690    @aK234@v4
701  0 @a张利@Azhang li@4编著
801  0 @aCN@b91MARC@c20130904
905    @aZUCC@dK234@e10
    
    汉武帝北击匈奴/张利编著.-长春:吉林文史出版社:吉林出版集团有限责任公司,2011.5
    134页:图;22cm.-(中国文化知识读本)
    中国古代战役战争/金开诚主编
    
    ISBN 978-7-5463-5059-2:CNY34.80
    
●
相关链接 在五车中查询图书 在当当中查询图书 在豆瓣中查询图书


正题名:汉武帝北击匈奴     索取号:K234/10         预约/预借

序号 登录号 条形码 馆藏地/架位号 状态 备注
1 2000995091   2000995091   第四书库/四34架A面6层3列/ [索取号:K234/10] 在馆    
2 2000995092   2000995092   第四书库/四34架A面6层3列/ [索取号:K234/10] 在馆    
3 2000995093   2000995093   第四书库/四34架A面6层3列/ [索取号:K234/10] 在馆    
4 2000995094   2000995094   第四书库/四34架A面6层3列/ [索取号:K234/10] 在馆    
5 2000995095   2000995095   第四书库/四34架A面6层3列/ [索取号:K234/10] 在馆    
6 2000995096   2000995096   第四书库/四34架A面6层3列/ [索取号:K234/10] 在馆    
山东省滨州职业学院图书馆 欢迎您!
大连网信软件有限公司© 版权所有